Podniková ekonomika

Salvato in:
Dettagli Bibliografici
Autore principale: Orbánová, Darina
Altri autori: Velichová, Ľudmila
Natura: Libro
Lingua:slovacco
Pubblicazione: Bratislava Slovenské pedagogické nakladateľstvo - Mladé letá 2007
Soggetti:
Tags: Aggiungi Tag
Nessun Tag, puoi essere il primo ad aggiungerne!!

MARC

LEADER 00000nam$a2200000$$$4500
001 0068476
005 20240502071828.4
020 |a 978-80-10-00278-8 
041 0 |a slo 
044 |a SK 
245 1 0 |a Podniková ekonomika  |c Darina Orbánová, Ľudmila Velichová 
264 1 |a Bratislava  |b Slovenské pedagogické nakladateľstvo - Mladé letá  |c 2007 
300 |a 236 s. 
500 |a Učebnica pre 1. ročník študijného odboru 6317 6 obchodná akadémia 
610 2 0 |a hospodárstvo podnikové 
610 2 0 |a podnikanie 
610 2 0 |a trh 
610 2 0 |a mechanizmus trhový 
610 2 0 |a hospodárstvo národné 
610 2 0 |a styk platobný 
100 1 |a Orbánová, Darina 
700 1 |a Velichová, Ľudmila